Szczegóły MARC21

Deutsch : ein Lehrbuch für Ausländer. T. 1b, (21.-40. Lektion) /

003 -Nazwa inst., której nr kontr. jest w polu 001 [,]
    • @
    • Nazwa instytucji, której n kontrolny jest w polu 001
    • NUKAT
005 -DATA I CZAS OSTATNIEJ MODYFIKACJI [,]
    • @
    • pole kontrolne
    • 20241231111136.0
020 -Międzynarod. znormalizowany nr książki - ISBN [ , ]
    • a
    • Numer ISBN
    • 3324000386 Find
040 -Instytucja sporządzająca opis [ , ]
    • a
    • Instytucja, która sporządziła opis (NP)
    • KR U/35BN
    • c
    • Instytucja, która sporządziła rekord (NP)
    • KR U/35BN
942 -Rodzaj dokumentu [ , ]
    • c
    • Rodzaj dokumentu
    • Książka
245 -Strefa tytułu i oznaczenia odpowiedzialności [0,0]
    • a
    • Tytuł
    • Deutsch : Find
    • b
    • Ciąg dalszy tytułu (NP)
    • ein Lehrbuch für Ausländer. Find
    • n
    • Oznaczenie części (P)
    • T. 1b,
    • p
    • Nazwa części (P)
    • (21.-40. Lektion) /
    • c
    • Pozostałe elementy strefy tytułu i oznaczenia odpowiedzialności (NP)
    • [Aut.-Koll.: Helga Dieling et al. ; Leiter des Aut.-Koll. und Gesamtred. Hans Lindner] ; Karl-Marx-Universität Leipzig. Herder-Institut.
250 -Strefa wydania [ , ]
    • a
    • Oznaczenie wydania (NP)
    • 9., unveränd. Aufl.
260 -Strefa adresu wydawniczego [ , ]
    • a
    • Miejsce wydania (P)
    • Leipzig :
    • b
    • Nazwa wydawcy (P)
    • VEB Verlag Enzyklopädie,
    • c
    • Data wydania (P)
    • 1987.
300 -Strefa opisu fizycznego [ , ]
    • a
    • Określenie formy książki i/lub objętość (NP)
    • 272 s., [2] k. fot. :
    • b
    • Oznaczenie ilustracji (NP)
    • il. ;
    • c
    • Format (NP)
    • 23 cm.
336 -Typ zawartości [ , ]
    • a
    • Termin opisujący typ zawartości
    • Tekst
    • b
    • Kod określający zawartość
    • txt
    • 2
    • Źródło (terminu i kodu)
    • rdacontent
337 -Typ mediów [ , ]
    • a
    • Tryb odtwarzania
    • Bez urządzenia pośredniczącego
    • b
    • Kod typu mediów
    • n
    • 2
    • Źródło (terminu i kodu)
    • rdamedia
338 -Typ/rodzaj nośnika [ , ]
    • a
    • Hasło opisujące typ nośnika
    • Wolumin
    • b
    • Kod typu nośnika
    • nc
    • 2
    • Źródło (terminu i kodu)
    • rdacarrier
504 -Uwaga dot. bibliogr. załącznikowej [ , ]
    • a
    • Uwaga dot. bibliografii załącznikowej
    • Indeks.
080 -Uniwersalna Klasyfikacja Dziesiętna [ , ]
    • a
    • Symbol klasyfikacji
    • 803.0-07=30
650 -Hasło przedmiotowe [ ,7]
    • a
    • Hasło przedmiotowe
    • Język niemiecki
    • v
    • Określnik formalny
    • podręczniki dla obcojęzycznych.
    • 2
    • Źródło terminu
    • kaba
    • 9
    • KHW
    • 360973
980 -Symbol UKD [ , ]
    • a
    • UKD
    • 803.0-07=30
700 -Hasło dodatkowe - nazwa osobowa [1, ]
    • a
    • Nazwa osobowa (NP)
    • Dieling, Helga. Find
    • 9
    • KHW
    • 460538
700 -Hasło dodatkowe - nazwa osobowa [1, ]
    • a
    • Nazwa osobowa (NP)
    • Lindner, Hans Find
    • d
    • Daty biograficzne (NP)
    • (1925- ).
    • e
    • Określenie rodzaju współpracy
    • Red.
    • 9
    • KHW
    • 460539
920 -ISBN [ , ]
    • a
    • ISBN
    • 3-324-00038-6 Find
Data inwentaryzacji Lokalizacja Status udost. Numer inwentarzowy
1995-04-26BE-3S.77671
1995-04-26T-11TS.77672